000 00800cab a2200229 4500
001 WB3010-35
008 090401t1994 xxu||||| |||| 00| 0 eng d
035 _a(Sirsi) u82160
041 _aeng
245 _aAcid rain damage
260 _c1994
350 _a0
490 _aFinancial Times
_v11 March 1994, 10(1)
520 _aBuildings and wildlife in half on the UK are being damaged by acid rain according to a government report "Critical loads of acidity in the UK". It is claimed that the contraction of the coal industry will cut the affected area by nearly 90% by early next century.
650 _aACID RAIN
650 _aCOAL INDUSTRY
650 _aCOAL PRIVATISATION
650 _aPOLLUTION
690 _aENVIRONMENTAL AND LAND CONSULTANCY
942 _n0
948 _c04/03/1997
999 _c51827
_d51827